Sports Quiz

Random Sports or Soccer Quiz
Score 0/286 Timer 20:00
0 Plays Today
% Correct
Robert Lewandowski
99.5%
Robert Lewandowski
98%
Robert Lewandowski
98%
Robert Lewandowski
97.9%
Robert Lewandowski
97.9%
Robert Lewandowski
97.9%
Robert Lewandowski
97.9%
Robert Lewandowski
97.9%
Robert Lewandowski
97.7%
Mariusz Lewandowski
97.7%
Mariusz Lewandowski
97.7%
Mariusz Lewandowski
97.7%
Mariusz Lewandowski
97.7%
Robert Lewandowski
97.6%
Robert Lewandowski
97.6%
Robert Lewandowski
97.5%
Wojciech Szczęsny
94.4%
Wojciech Szczęsny
94.4%
Wojciech Szczęsny
94.3%
Wojciech Szczęsny
94.3%
Wojciech Szczęsny
93.7%
Łukasz Fabiański
93.5%
Łukasz Fabiański
93.4%
Łukasz Fabiański
93.3%
Jakub Błaszczykowski
92.3%
Jakub Błaszczykowski
92.2%
Jakub Błaszczykowski
91.9%
Jakub Błaszczykowski
91.9%
Jakub Błaszczykowski
91.9%
Jakub Błaszczykowski
91.9%
Łukasz Fabiański
91.8%
Jakub Błaszczykowski
91.6%
Łukasz Piszczek
90.9%
Łukasz Piszczek
90.9%
Łukasz Piszczek
90.9%
Arkadiusz Milik
90.7%
Arkadiusz Milik
90.6%
Łukasz Piszczek
90.5%
Łukasz Piszczek
90.4%
Arkadiusz Milik
90.4%
Łukasz Piszczek
90.1%
Łukasz Piszczek
90.1%
Łukasz Piszczek
90.1%
Kamil Glik
90%
Kamil Glik
89.8%
Kamil Glik
89.8%
Kamil Glik
89.6%
Kamil Glik
89.5%
Arkadiusz Milik
89.3%
Kamil Glik
88.5%
Artur Boruc
88.3%
Artur Boruc
88.1%
Artur Boruc
88.1%
Artur Boruc
88.1%
Artur Boruc
88.1%
Artur Boruc
88.1%
Kamil Glik
87.7%
Piotr Zieliński
87.3%
Jerzy Dudek
86.8%
Jerzy Dudek
86.8%
Jerzy Dudek
86.8%
Jerzy Dudek
86.8%
Jerzy Dudek
86.8%
Kamil Glik
86.8%
Piotr Zieliński
86.4%
Piotr Zieliński
86.4%
Piotr Zieliński
86%
Grzegorz Krychowiak
85.5%
Grzegorz Krychowiak
85.4%
Grzegorz Krychowiak
85.3%
Grzegorz Krychowiak
85.3%
Piotr Zieliński
84.8%
Grzegorz Krychowiak
84.4%
Grzegorz Krychowiak
84.1%
Kamil Glik
84%
Grzegorz Krychowiak
82.3%
Kamil Grosicki
81.6%
Kamil Grosicki
81.6%
Kamil Grosicki
81.4%
Kamil Grosicki
81.3%
Kamil Grosicki
81.2%
Krzysztof Piątek
81.1%
Kamil Grosicki
80.1%
Kamil Grosicki
79.2%
Jacek Zieliński
77.7%
Jacek Zieliński
77.7%
Jacek Zieliński
77.7%
Jacek Zieliński
77.7%
Jacek Zieliński
77.7%
Jacek Zieliński
77.7%
Emmanuel Olisadebe
77.5%
Emmanuel Olisadebe
77.5%
Michał Pazdan
76.7%
Michał Pazdan
76.4%
Euzebiusz Smolarek
76.4%
Euzebiusz Smolarek
76.4%
% Correct
Euzebiusz Smolarek
76.4%
Michał Pazdan
75.8%
Przemysław Tytoń
75.7%
Maciej Żurawski
75.2%
Maciej Żurawski
75.2%
Maciej Żurawski
75.2%
Maciej Żurawski
75.2%
Maciej Żurawski
75.2%
Jan Bednarek
75.2%
Jan Bednarek
74.4%
Jacek Bak
73.4%
Jacek Bak
73.4%
Jacek Bak
73.4%
Jacek Bak
73.4%
Jacek Bak
73.4%
Jacek Bak
73.4%
Jacek Bak
73.4%
Arkadiusz Bak
73.3%
Tomasz Hajto
73.2%
Tomasz Hajto
73.2%
Tomasz Hajto
73.2%
Tomasz Hajto
73.2%
Tomasz Hajto
73.2%
Tomasz Hajto
73.2%
Maciej Rybus
72.7%
Maciej Rybus
72.7%
Maciej Rybus
72.6%
Michal Żewlakow
71.9%
Michal Żewlakow
71.9%
Michal Żewlakow
71.9%
Michal Żewlakow
71.9%
Michal Żewlakow
71.9%
Michal Żewlakow
71.9%
Michal Żewlakow
71.9%
Michal Żewlakow
71.9%
Michal Żewlakow
71.9%
Michal Żewlakow
71.9%
Jan Bednarek
71.7%
Jacek Krzynówek
70.5%
Jacek Krzynówek
70.5%
Jacek Krzynówek
70.5%
Jacek Krzynówek
70.5%
Jacek Krzynówek
70.5%
Jacek Krzynówek
70.5%
Jacek Krzynówek
70.5%
Jacek Krzynówek
70.5%
Jacek Krzynówek
70.5%
Ludovic Obraniak
70.3%
Ludovic Obraniak
70.3%
Ludovic Obraniak
70.3%
Artur Jędrzejczyk
69.5%
Maciej Rybus
69.5%
Artur Jędrzejczyk
69.3%
Bartosz Bereszyński
69.2%
Bartosz Bereszyński
68.4%
Tomasz Waldoch
66.1%
Tomasz Waldoch
66.1%
Tomasz Waldoch
66.1%
Tomasz Waldoch
66.1%
Damien Perquis
66.1%
Tomasz Frankowski
65.7%
Jakub Wawrzyniak
64.3%
Jakub Wawrzyniak
63.7%
Jakub Wawrzyniak
63.7%
Jakub Wawrzyniak
63.7%
Karol Linetty
63.4%
Marcin Wasilewski
63.1%
Marcin Wasilewski
63.1%
Marcin Wasilewski
63.1%
Mateusz Klich
62.8%
Tomasz Kędziora
62.7%
Eugen Polański
62.7%
Bartosz Bereszyński
62.5%
Krzysztof Mączyński
62.3%
Piotr Świerczewski
61.5%
Piotr Świerczewski
61.5%
Piotr Świerczewski
61.5%
Piotr Świerczewski
61.5%
Piotr Świerczewski
61.5%
Piotr Świerczewski
61.5%
Artur Jędrzejczyk
61.2%
Krzysztof Mączyński
61%
Kamil Kosowski
60.3%
Kamil Kosowski
60.3%
Kamil Kosowski
60.3%
Kamil Kosowski
60.3%
Adam Matysek
60.1%
Adam Matysek
60.1%
Rafal Murawski
60.1%
Rafal Murawski
60.1%
Rafal Murawski
60.1%
Rafal Murawski
60.1%
Mateusz Klich
60%
Łukasz Szukała
59.7%
Grzegorz Rasiak
59.5%
Grzegorz Rasiak
59.5%
% Correct
Tomasz Klos
59.4%
Pawel Kryszalowicz
59.4%
Tomasz Klos
59.4%
Pawel Kryszalowicz
59.4%
Tomasz Klos
59.4%
Tomasz Klos
59.4%
Tomasz Klos
59.4%
Wojciech Kowalczyk
59.4%
Dariusz Dudka
59.2%
Dariusz Dudka
59.2%
Dariusz Dudka
59.2%
Dariusz Dudka
59.2%
Andrzej Juskowiak
59.1%
Andrzej Juskowiak
59.1%
Łukasz Szukała
58.4%
Tomasz Kędziora
58.3%
Radosław Kałużny
57.9%
Radosław Kałużny
57.9%
Radosław Kałużny
57.9%
Marek Swierczewski
57.7%
Miroslaw Szymkowiak
57.4%
Miroslaw Szymkowiak
57.4%
Miroslaw Szymkowiak
57.4%
Kamil Jóźwiak
55.8%
Tomasz Iwan
55.8%
Tomasz Iwan
55.8%
Tomasz Iwan
55.8%
Sebastian Mila
55.7%
Ireneusz Jeleń
54.3%
Arkadiusz Głowacki
54%
Roger Guerreiro
53.7%
Roger Guerreiro
53.7%
Mariusz Jop
53.7%
Marek Kozminski
53.4%
Marek Kozminski
53.4%
Marek Kozminski
53.4%
Radoslaw Sobolewski
53.2%
Radoslaw Sobolewski
53.2%
Marcin Baszczyński
53.2%
Marcin Baszczyński
53.2%
Marcin Baszczyński
53.2%
Tomasz Rząsa
51.2%
Tomasz Rząsa
51.2%
Slawomir Peszko
51.1%
Piotr Nowak
50.6%
Piotr Nowak
50.6%
Krzysztof Nowak
50.5%
Mateusz Klich
49.9%
Tomasz Jodłowiec
49.6%
Roman Kosecki
49.1%
Andrzej Niedzielan
48.9%
Adrian Mierzejewski
48.8%
Adrian Mierzejewski
48.3%
Adrian Mierzejewski
48.3%
Bartosz Bosacki
47.4%
Marek Citko
47.3%
Marek Citko
47.3%
Andrzej Woźniak
47.2%
Andrzej Woźniak
47.2%
Artur Wichniarek
46.1%
Bartosz Karwan
44.6%
Bartosz Karwan
44.6%
Arek Radomski
44.6%
Grzegorz Bronowicki
43.2%
Jerzy Brzęczek
43.1%
Grzegorz Szamotulski
42.3%
Grzegorz Wojtkowiak
42%
Grzegorz Wojtkowiak
42%
Tomasz Łapiński
41%
Tomasz Łapiński
41%
Miroslaw Trzeciak
38.2%
Miroslaw Trzeciak
38.2%
Waldemar Sobota
38%
Wojciech Łobodziński
36.8%
Sylwester Czereszewski
36.3%
Rafal Siadaczka
36.2%
Rafal Siadaczka
36.2%
Marek Jóźwiak
35.6%
Marek Jóźwiak
35.6%
Paweł Olkowski
35.5%
Bartosz Salamon
34.4%
Krzystof Ratajczyk
34.1%
Radoslaw Michalski
32.8%
Slawomir Majak
32.8%
Radoslaw Michalski
32.8%
Ryszard Czerwiec
32.4%
Adam Ledwoń
31.6%
Maciej Sadlok
30.8%
Pawel Wojtala
29.1%
Henrik Bałuszyński
27.8%
Tomasz Sokolowski
25.7%
Dariusz Gęsior
24.8%
Waldemar Jaskulski
23.7%
Pawel Skrzypek
23.1%
Remove Ads.
Support Sporcle.
Get the best of Sporcle when you Go Orange. This ad-free experience offers more features, more stats, and more fun while also helping to support Sporcle. Thank you for becoming a member.

You're not logged in!

Compare scores with friends on all Sporcle quizzes.
OR
Log In

Show Comments

Extras

Top Quizzes Today


Score Distribution

Your Account Isn't Verified!

In order to create a playlist on Sporcle, you need to verify the email address you used during registration. Go to your Sporcle Settings to finish the process.

Report this User

Report this user for behavior that violates our Community Guidelines.

Details: